| 000 | 00503nam a2200145Ia 4500 | ||
|---|---|---|---|
| 008 | 140724s9999 xx 000 0 und d | ||
| 050 |
_aLB 1055 _b.K48 2009 |
||
| 100 | _aKilayko, Danielle S. | ||
| 245 |
_aImmediate affective and behavioral benefits of Yoga to individuals with ADHD / _cDanielle S. Kilayko. |
||
| 260 |
_aLas PiƱas, Philippines : _bSouthville International School and Colleges, _cc2009. |
||
| 300 |
_a41 p. : _c28 cm. |
||
| 521 | _aSpecial Education | ||
| 942 | _cTH | ||
| 999 |
_c228996 _d228996 |
||